Liedtext - Deutsche Bahn - Wise Guys - Statistiken

Allgemein
  • Dieses Quiz wurde 71 mal gespielt
  • Das Durchschnittsergebnis liegt bei 261 aus 356
Antwortstatistiken
Antwort % Korrekt
Bahn
98%
deutsch
98%
for
94%
ju
94%
Sänk
94%
wis
94%
das
92%
den
92%
Den
92%
Deutsche
92%
Die
92%
die
92%
sie
92%
Sie
92%
und
92%
zu
92%
Zu
92%
der
90%
Der
90%
träweling
90%
an
88%
ein
88%
am
85%
auf
85%
Auf
85%
Damen
85%
es
85%
Herren
85%
Meine
85%
meine
85%
nach
85%
nicht
85%
wir
85%
Wir
85%
Fährt
83%
Fahrt
83%
ICE
83%
uns
83%
Bahnsteig
81%
drei
81%
ist
81%
2
79%
Dass
79%
für
79%
Für
79%
Mit
79%
mit
79%
war
79%
Frankfurt
77%
gegenüber
77%
Main
77%
Denn
75%
Gleisen
75%
ich
75%
In
75%
Preisen
75%
reisen
75%
Uhr
75%
abgefahrenen
73%
abweichend
73%
danke
73%
halb
73%
ja
73%
'ne
73%
schon
73%
14
71%
Abfahrt
71%
eine
71%
ham
71%
hier
71%
im
71%
Im
71%
Plan
71%
Zuges
71%
dann
69%
dieses
69%
Heute
69%
Ihre
69%
vom
69%
danken
67%
haben
67%
leider
67%
Wagenreihung
67%
7
65%
Bei
65%
bei
65%
Gegenteil
65%
spontan
65%
spricht
65%
viel
65%
von
65%
10
63%
einer
63%
Englisch
63%
genau
63%
Kuh
63%
Leidensfähigkeit
63%
Schienen
63%
WC
63%
Zugchef
63%
Als
60%
benutzen
60%
bitte
60%
Bordbistro
60%
empfehlen
60%
Flasche
60%
heiß
60%
Sommer
60%
steht
60%
Vorher
60%
vorher
60%
Winter
60%
wird
60%
Akzent
58%
Beherrsch'
58%
Doch
58%
Erst
58%
erst
58%
Euro
58%
heftigem
58%
kalt
58%
Lauf
58%
Liegt
58%
man
58%
noch
58%
putzen
58%
Sollten
58%
Stehen
58%
stehen
58%
anders
56%
angehängt
56%
falschrum
56%
ganz
56%
grad
56%
Grad
56%
Ihnen
56%
lang
56%
normal
56%
Sagrotan
56%
selber
56%
sprechen
56%
aus
54%
Beim
54%
besten
54%
denkt
54%
läuft
54%
Leberkäs'
54%
lieb
54%
mal
54%
Mal
54%
Schlange
54%
Spaß
54%
Waggons
54%
weitergeht
54%
bis
52%
meiste
52%
nur
52%
Service
52%
Staatsbetrieb
52%
Beweis
50%
kennt
50%
Obwohl
50%
oft
50%
32
48%
Aber
48%
behalten
48%
fehlt
48%
Theorie
48%
Unserem
48%
Verwenden
48%
waren
48%
würden
48%
Angebot
46%
Ekel
46%
funktionieren
46%
halt
46%
Klimaanlagen
46%
meinen
46%
Softdrink
46%
will
46%
Ohne
44%
parat
44%
einfach
42%
Kälteschock
42%
Trotzdem
42%
alle
40%
kriegen
40%
erleben
38%
Fieberwahn
38%
Heizungen
38%
Sind
38%
Weil
38%
defekt
35%
keiner
35%
checkt
31%
meistens
29%
ständig
29%
verhehlen
29%
Ansonsten
23%
Keine übereinstimmenden Quizze gefunden
Verteilung der Resultate
Anzahl Personen mit jedem Resultat
Perzentil nach korrekt beantworteten Fragen
Ihre Resultats-Entwicklung
Sie haben dieses Quiz noch nicht gespielt